Geography Trivia - Statistics

General Stats
  • This quiz has been taken 80 times
  • The average score is 60 of 80
Answer Stats
Question Tile Select % Correct
countries that border poland Netherlands No
100%
countries that border poland Norway No
100%
countries that border poland Sweden No
100%
Countries of Yugoslavia Greece No
97%
Countries of Yugoslavia Hungary No
97%
Countries of Yugoslavia Italy No
97%
countries that border poland Serbia No
97%
Countries of Yugoslavia Turkey No
97%
Countries of Yugoslavia Austria No
96%
Countries of Yugoslavia Bulgaria No
96%
Countries of Yugoslavia Romania No
96%
Countries that border China Japan No
94%
countries that border poland Austria No
93%
countries that border poland Denmark No
93%
countries that border poland Germany Yes
93%
Neutral in Europe during WW2 Poland No
93%
Neutral in Europe during WW2 Hungary No
91%
Neutral in Europe during WW2 Austria No
90%
Countries of Yugoslavia Bosnia and Herzegovina Yes
90%
countries that border poland Estonia No
90%
Neutral in Europe during WW2 France No
90%
Neutral in Europe during WW2 Slovakia No
90%
countries that border poland Latvia No
88%
Countries of Yugoslavia Serbia Yes
88%
Neutral in Europe during WW2 Serbia No
88%
Countries of Yugoslavia Slovenia Yes
88%
Countries that border China Russia Yes
87%
Countries of Yugoslavia Slovakia No
87%
Countries of Yugoslavia Montenegro Yes
85%
Neutral in Europe during WW2 Netherlands No
85%
countries that border poland Russia Yes
85%
Countries of Yugoslavia Croatia Yes
84%
countries that border poland Czech Republic Yes
84%
Neutral in Europe during WW2 Greece No
84%
Countries of Yugoslavia Kosovo Yes
84%
Countries that border China Mongolia Yes
84%
Countries that border China Nepal Yes
84%
countries that border poland Belarus Yes
82%
countries that border poland Hungary No
82%
Countries that border China Nepal Yes
82%
Neutral in Europe during WW2 Switzerland Yes
82%
Countries of Yugoslavia Albania No
81%
Countries that border China Bhutan Yes
81%
Countries of Yugoslavia Macedonia Yes
81%
Countries of the Baghdad Pact Bangladesh No
78%
Countries that border China Bhutan Yes
78%
Countries that border China India Yes
76%
Countries that border China Vietnam Yes
76%
Countries of the Baghdad Pact India No
75%
Countries that border China Thailand No
75%
Neutral in Europe during WW2 Vatican City Yes
74%
Countries of the Baghdad Pact Israel No
72%
Countries that border China Pakistan Yes
72%
countries that border poland Lithuania Yes
71%
countries that border poland Ukraine Yes
69%
Neutral in Europe during WW2 Andorra Yes
66%
Countries that border China Kyrgyzstan Yes
65%
Countries that border China Myanmar Yes
63%
countries that border poland Slovakia Yes
63%
Countries that border China Afghanistan Yes
62%
Neutral in Europe during WW2 Ireland Yes
60%
Countries of the Baghdad Pact Iraq Yes
59%
Neutral in Europe during WW2 Liechtenstein Yes
59%
Neutral in Europe during WW2 Spain Yes
59%
Countries of the Baghdad Pact United States No
59%
Neutral in Europe during WW2 Sweden Yes
56%
Countries of the Baghdad Pact Bahrain No
54%
Countries that border China Laos Yes
54%
Countries of the Baghdad Pact Yemen No
54%
Countries that border China Kazakhstan Yes
53%
Countries of the Baghdad Pact Oman No
47%
Neutral in Europe during WW2 Portugal Yes
47%
Countries of the Baghdad Pact Syria No
47%
Countries of the Baghdad Pact Qatar No
44%
Countries of the Baghdad Pact United Arab Emirates No
44%
Countries of the Baghdad Pact Iran Yes
43%
Countries of the Baghdad Pact Turkey Yes
35%
Countries of the Baghdad Pact Saudi Arabia No
34%
Countries of the Baghdad Pact United Kingdom Yes
24%
Countries of the Baghdad Pact Pakistan Yes
22%
No matching quizzes found
Score Distribution
Percent of People with Each Score
Percentile by Number Answered
Your Score History
You have not taken this quiz